Visualizzazione normale
Vista MARC
- Da Fermo Mario
di Personal Name
Records bibliografici associati: 1
001 - CONTROL NUMBER
- control field: 62988
003 - CONTROL NUMBER IDENTIFIER
- control field:
005 - DATE AND TIME OF LATEST TRANSACTION
- control field: 20251219141932.0
008 - FIXED-LENGTH DATA ELEMENTS
- fixed length control field: 251219|| aca||aabn | a|a d
040 ## - CATALOGING SOURCE
- Original cataloging agency:
- Transcribing agency:
100 ## - HEADING--PERSONAL NAME
- Personal name: Da Fermo Mario
670 ## - SOURCE DATA FOUND
- Source citation: Work cat.: ()207793: Da Fermo Mario, La prevenzione del disagio giovanile: teorie e strategie di intervento, 1991